Mandela : (Record no. 3307)
[ view plain ]
| 000 -LEADER | |
|---|---|
| fixed length control field | 01836cam a2200361 a 4500 |
| 001 - CONTROL NUMBER | |
| control field | 14270242 |
| 005 - DATE AND TIME OF LATEST TRANSACTION | |
| control field | 20170529122640.0 |
| 008 - FIXED-LENGTH DATA ELEMENTS--GENERAL INFORMATION | |
| fixed length control field | 060217s2006 enkabf b 001 0beng |
| 010 ## - LIBRARY OF CONGRESS CONTROL NUMBER | |
| LC control number | 2006005505 |
| 020 ## - INTERNATIONAL STANDARD BOOK NUMBER | |
| International Standard Book Number | 0192805681 (alk. paper) |
| 020 ## - INTERNATIONAL STANDARD BOOK NUMBER | |
| International Standard Book Number | 9780192805683 (alk. paper) |
| 020 ## - INTERNATIONAL STANDARD BOOK NUMBER | |
| International Standard Book Number | 9780192805683 |
| 035 ## - SYSTEM CONTROL NUMBER | |
| System control number | (OCoLC)ocm64230212 |
| 035 ## - SYSTEM CONTROL NUMBER | |
| System control number | (OCoLC)64230212 |
| 040 ## - CATALOGING SOURCE | |
| Original cataloging agency | DLC |
| Transcribing agency | DLC |
| Modifying agency | BAKER |
| -- | BWKUK |
| -- | VP@ |
| -- | YDXCP |
| -- | OCLCQ |
| -- | IXA |
| -- | OCLCQ |
| -- | DLC |
| 043 ## - GEOGRAPHIC AREA CODE | |
| Geographic area code | f-sa--- |
| 050 00 - LIBRARY OF CONGRESS CALL NUMBER | |
| Classification number | DT1974 |
| Item number | .L63 2006 |
| 082 00 - DEWEY DECIMAL CLASSIFICATION NUMBER | |
| Classification number | 968.06/5092 |
| -- | B |
| Edition number | 22 |
| 100 1# - MAIN ENTRY--PERSONAL NAME | |
| Personal name | Lodge, Tom, |
| Dates associated with a name | 1951- |
| 9 (RLIN) | 31482 |
| 245 10 - TITLE STATEMENT | |
| Title | Mandela : |
| Remainder of title | a critical life / |
| Statement of responsibility, etc | Tom Lodge. |
| 260 ## - PUBLICATION, DISTRIBUTION, ETC. (IMPRINT) | |
| Place of publication, distribution, etc | Oxford ; |
| -- | New York : |
| Name of publisher, distributor, etc | Oxford University Press, |
| Date of publication, distribution, etc | 2006. |
| 300 ## - PHYSICAL DESCRIPTION | |
| Extent | xix, 274 p., [8] p. of plates : |
| Other physical details | ill., maps ; |
| Dimensions | 21 cm. |
| 504 ## - BIBLIOGRAPHY, ETC. NOTE | |
| Bibliography, etc | Includes bibliographical references and index. |
| 505 0# - FORMATTED CONTENTS NOTE | |
| Formatted contents note | Childhood and upbringing -- Becoming a notable -- Volunteer-in-chief -- Making a messiah -- Trials -- Prisoner 466/64 -- Leading from prison -- Messianic politics and the transition to democracy -- Embodying the nation. |
| 600 10 - SUBJECT ADDED ENTRY--PERSONAL NAME | |
| Personal name | Mandela, Nelson, |
| Dates associated with a name | 1918-2013. |
| 9 (RLIN) | 13583 |
| 650 #0 - SUBJECT ADDED ENTRY--TOPICAL TERM | |
| Topical term or geographic name as entry element | Presidents |
| Geographic subdivision | South Africa |
| Form subdivision | Biography. |
| 9 (RLIN) | 31458 |
| 651 #0 - SUBJECT ADDED ENTRY--GEOGRAPHIC NAME | |
| Geographic name | South Africa |
| General subdivision | Politics and government |
| Chronological subdivision | 1994- |
| 9 (RLIN) | 31483 |
| 856 41 - ELECTRONIC LOCATION AND ACCESS | |
| Materials specified | Table of contents |
| Uniform Resource Identifier | <a href="http://www.loc.gov/catdir/toc/ecip068/2006005505.html">http://www.loc.gov/catdir/toc/ecip068/2006005505.html</a> |
| 856 42 - ELECTRONIC LOCATION AND ACCESS | |
| Materials specified | Publisher description |
| Uniform Resource Identifier | <a href="http://www.loc.gov/catdir/enhancements/fy0636/2006005505-d.html">http://www.loc.gov/catdir/enhancements/fy0636/2006005505-d.html</a> |
| 856 42 - ELECTRONIC LOCATION AND ACCESS | |
| Materials specified | Contributor biographical information |
| Uniform Resource Identifier | <a href="http://www.loc.gov/catdir/enhancements/fy0723/2006005505-b.html">http://www.loc.gov/catdir/enhancements/fy0723/2006005505-b.html</a> |
| 906 ## - LOCAL DATA ELEMENT F, LDF (RLIN) | |
| a | 7 |
| b | cbc |
| c | orignew |
| d | 1 |
| e | ecip |
| f | 20 |
| g | y-gencatlg |
| 942 ## - ADDED ENTRY ELEMENTS (KOHA) | |
| Source of classification or shelving scheme | Library of Congress Classification |
| Item type | Monograph ( Printed materials) |
| Withdrawn status | Lost status | Source of classification or shelving scheme | Damaged status | Not for loan | Collection code | Home library | Current library | Shelving location | Date acquired | Total Checkouts | Full call number | Barcode | Date last seen | Copy number | Price effective from | Koha item type |
|---|---|---|---|---|---|---|---|---|---|---|---|---|---|---|---|---|
| Library of Congress Classification | Main Collection | ARRUPE LIBRARY | ARRUPE LIBRARY | 27/02/2013 | DT1974.L63 | 46404235 | 07/12/2017 | 1 | 27/02/2013 | Monograph ( Printed materials) |